000 00945cam a22002891 4500
001 3865
003 BD-RjUL
005 20211208233808.0
008 131221s1964 ii b 000 0 eng
035 _a(BD-RjUL)
035 _a(OCoLC)36894906
040 _aDLC
_cNSyU
_dDLC
_beng
041 _aeng
082 _a 330.942
_bCHE
100 1 _aChakrabarti, Samiran Chandra,
_d1940-
_912336
245 1 0 _aEconomic development of Great Britain,
_cby Sudhindra Chandra Chakrabarti, Kunja Bihari Kundu [and] Madan Mohan Patra.
250 _a[2d ed. thoroughly rev.]
260 _aCalcutta,
_bNababharat Publishers
_c1964
300 _axii, 163, [1] p.
_c23 cm.
504 _aBibliography: p. [164]
651 0 _aGreat Britain
_xEconomic conditions.
_912337
700 1 _aPatra, Madan Mohan,
_ejoint author.
_912338
700 1 _aKundu, Kunja Bihari,
_ejoint author.
_912339
942 _2ddc
_cBK
999 _c3865
_d3865